000 00641nam a22001697a 4500
005 20100804121534.0
010 _aENG-98126
035 _aEN-81659
037 _bDBAD/PUB
082 _a342.595082
245 _aThe passports act, 1967 /
260 _aDelhi
_bUniversal Law Publishing
_c2010
270 _aC-FF-1A, Dilkhush Industrial Estate,(Opp. Hans Cinema, Azadpur) G.T. Karnal Road
_bDelhi
_e110033
300 _aii, 78p.
_c24cm (pbk)
942 _2ddc
_cEN
_h342.595082
_mPAS
999 _c39163
_d39163